| 000 | 00741nam a2200217 a 4500 | ||
|---|---|---|---|
| 003 | MX-MxUPN | ||
| 005 | 20221126063628.0 | ||
| 008 | 190814s2015 xxu r 000 0 mul d | ||
| 035 | _aUPN01000232006 | ||
| 040 |
_aMX-MxUPN _bspa _cMX-MxUPN |
||
| 041 | 0 |
_aeng _afre _aspa _arus _ajpn _aara |
|
| 050 | 1 | 4 |
_aLC1200 _bI53 2015 |
| 245 | 0 | 0 |
_aIncheon declaration : _beducation 2030 : towards inclusive and equitable quality education and lifelong learning for all |
| 260 |
_a[lugar de publicación no identificado] : _bUNESCO, _c2015. |
||
| 300 | _a76 páginas | ||
| 650 | 4 |
_aEducación inclusiva _97100 |
|
| 650 | 4 |
_aIgualdad de oportunidades en educación _95002 |
|
| 902 | _aVíctor Ruiz/231122 | ||
| 942 |
_2lcc _cLIBRO |
||
| 999 |
_c204101 _d204101 |
||